000
00254nam a2200109Ia 4500
008
200302s9999 xx 000 0 und d
100
_a
Stefan Zwicky
245
_a
Exhibition Architecture
260
_b
Birkhauser Verlag Ag
260
_c
2003
300
_a
176
999
_c
4675
_d
4675